=LDR 00000nam 2200000 4500 =001 INLIS000000000037022 =005 20130612142755 =008 ***********************************Ind** =035 ##$$0010-061300000037022 =041 ##$$a Ind =082 ##$$a 372.3 =090 ##$$a 372.3, Far k =100 ##$$a Farida, Nur =245 ##$$a Kid and global disease = anak dan penyakit global, Nur Farida ; editor, Miniken =260 ##$$a 2009 $b Jakarta =300 ##$$a xiv, 136 hlm, ilus, 29 cm =650 ##$$a Pendidikan dasar-kesehatan =850 ##$$a NBPNMAT